000 00612nam a2200205 4500
003 OSt
005 20240705052741.0
006 a
008 240705b |||||||| |||| 00| 0 eng d
020 _a0071254218
040 _aDWCL-Main lib.
_cOC
082 _2Fifth edition
_aCirc. 658.562 G894j 2007
100 _aGryna, Frank M.
245 _aJuran’s quality planning and analysis for enterprise quality /
250 _aFifth edition
260 _aBoston :
_bMcGraw-Hill,
_cc2007.
300 _axxvi,
_b774p.: ill.;
_c23 cm.
650 _a1. Quality Control.
942 _2ddc
_n0
_cBK-CIRC
_eFifth edition
_kCirc.
999 _c2016
_d2016